000 01235cad a22002175a 4500
001 L149727
005 20230706105611.0
008 100415s2010 xxk 000 0 eng d
035 _a(Sirsi) u149727
041 0 _aeng
245 0 0 _aGood Harvest Partnership LLP v Centaur Services Ltd
260 _c2010
520 _a[2001] EWHC 330 (Ch) 23 February 2010. Questions whether Landlord and Tenant (Covenants) Act 1995 precludes a person who has guaranteed a tenant's obligations under a lease from being required to give a further guarantee in respect of an assignee of the lease. Claimant landlord G's application to recover unpaid rent from C persuant to an authorised guarantee agreement was contested by G on the grounds that the agreement was null and void and unforceable by reasons of s25 and s24 of the 1995 Act. Application dismissed.
590 _aKA
650 2 4 _aGOOD HARVEST PARTNERSHIP LLP V CENTAUR SERVICES LTD
650 2 4 _aLANDLORD AND TENANT (COVENANTS) ACT 1995
651 4 _aENGLAND AND WALES
690 _aPROPERTY-COMMERCIAL PROPERTY-COMMERCIAL LANDLORD AND TENANT
856 4 8 _uhttps://www.bailii.org/ew/cases/EWHC/Ch/2010/330.html
_zView this item free of charge at www.bailli.org
942 _n0
_2ddc
999 _c82264
_d82264